LEADER 01108nam a2200241 u 4500 001 000000066636 003 CaOOAMICUS 005 20070226121610.0 008 020121s1858 fr u000 u fre u 035 $a10917234 040 $aPUL(R)$bita 041 1 $afre$hita 100 1 $aManzoni, Alessandro,$d1785-1873.$0(OLS)http://pul/name/4307 245 10$aDe l'invention :$bdialogue philosophique de Manzoni pour servir d'introduction aux oevre de Rosmini /$cManzoni ; traduit de l'italien par M. de Fresne. 260 $aParis :$bVaton,$c1858. 300 $a175 p. ;$c18 cm 600 14$aRosmini Serbati, Antonio,$cb.,$d1797-1855.$0(OLS)http://pul/subject/28 700 1 $aDe Fresne, M.$0(OLS)http://pul/name/44606 850 $aPUL 852 $aPUL$W1$xDP1 Antico 800$y27$m93 A 25$j86189$nBK-PRI$b $qStampati Antico$B86189$CPULBib$Z2$F86189 $H $81 941 1 $a15 996 $6245$aDe l'invention :$bdialogue philosophique de Manzoni pour servir d'introduction aux oevre de Rosmini$9(OLS)http://pul/title/88454 996 $6260$aParis :$bVaton$9(OLS)http://pul/publisher/52555 LEADER 01204nam a2200265 u 4500 001 000000078869 003 CaOOAMICUS 005 20070226123458.0 008 040518s1968 sp u000 u spa u 035 $a10995636 040 $aPUL(R)$bita 100 1 $aVidal, Marciano.$0(OLS)http://pul/name/34082 245 13$aEl comportamiento del apostol durante la mision segun las consignas de Mt. 10, 8b-16 /$cMarciano Vidal .. 260 $aMadrid :$b[s.n.],$c1968. 300 $a63 p. ;$c25 cm 500 $aEstratto della tesi di laurea dell'autore. 502 $aDiss. -- P. Univ. Lateranense. Accademia alfonsiana. 504 $aBibliografia in nota. 630 04$aBiblia.$pN.T.$pMatthaeus.$nX, 8-16$xCritica e interpretazione.$0(OLS)http://pul/subject/37820 650 4$aApostoli.$0(OLS)http://pul/subject/1405 850 $aPUL 852 $aPUL$W1$xDP1 Tesi Acc. Alfonsiana$y28$mTH AC.ALF 15$j101060$nBK-PRI$b $qTesi$B101060$CPULBib$Z2$F101060 $HPUL28748 $81 941 1 $a16 996 $6245$aEl comportamiento del apostol durante la mision segun las consignas de Mt. 10, 8b-16$9(OLS)http://pul/title/103250 996 $6260$aMadrid :$b[s.n.]$9(OLS)http://pul/publisher/49535 LEADER 01533nam a2200337 a 4500 001 000000169869 003 CaOOAMICUS 005 20181010101932.0 008 181010s2018 it u000 u ita r 020 $a978-88-08-06905-4* 032 $aLibriCat 040 $aPUL$bita 082 04$a347.4505 100 1 $aGambineri, Beatrice.$0(OLS)http://pul/name/109313 245 10$aDell'appello :$bart. 339-359 /$cBeatrice Gambineri. 260 $aBologna :$bZanichelli,$c©2018. 300 $aXXVI, 837 p. ;$c24 cm. 490 1 $aCommentario del Codice di Procedura civile.$aLibro secondo.$aDel processo di cognizione ;$vart. 339-359 500 $aLa collana è curata da Sergio Chiarloni. 504 $aContiene riferimenti bibliografici e indice. 650 4$aProcesso civile.$0(OLS)http://pul/subject/21811 700 1 $aChiarloni, Sergio.$0(OLS)http://pul/name/12062 830 0$aCommentario del codice di procedura civile.$nLibro secondo.$pDel processo di cognizione ;$vart. 339-359.$0(OLS)http://pul/title/192912 850 $aPUL 852 $aPUL$W1$xSL Diritto e Scienze Sociali 3$y79$m347. 4505 CHISE 1.339$j192783$qDDC 21$B197978$CPULBib$Z2$F197978 $H131356 $81 941 1 $a9 996 $6020$a978-88-08-06905-4*$9(OLS)http://pul/number/164865 996 $6082$a347.4505$9(OLS)http://pul/classification/2032 996 $6245$aDell'appello :$bart. 339-359$9(OLS)http://pul/title/210528 996 $6260$aBologna :$bZanichelli$9(OLS)http://pul/publisher/48255 LEADER 01818nam a2200397 a 4500 001 000000048432 003 CaOOAMICUS 005 20140910120347.0 008 000504s1999 it u000 u ita r 020 $a8831172964 035 $a10846786 040 $aPUL$bita 041 1 $aita$hger 100 0 $aTheresia Benedicta a Cruce,$cs.,$d1891-1942.$0(OLS)http://pul/name/8163 240 10$aBeiträge zur philosophischen Begründung der Psychologie und der Geisteswissenschaften.$lItaliano.$0(OLS)http://pul/title/65225 245 10$aPsicologia e scienze dello spirito :$bcontributi per una fondazione filosofica /$cEdith Stein ; presentazione di Angela Ales Bello. 250 $a2. ed. 260 $aRoma :$bCittà Nuova,$c1999. 300 $a342 p. ;$c21 cm 490 1 $aOpere di Edith Stein 504 $aBibliografia in nota. 650 4$aPsicologia e filosofia.$0(OLS)http://pul/subject/10167 650 4$aScienze dello spirito.$0(OLS)http://pul/subject/20441 700 1 $aAles Bello, Angela,$d1939-$0(OLS)http://pul/name/22845 830 0$aOpere di Edith Stein.$0(OLS)http://pul/title/56588 850 $aPUL 852 $aPUL$W1$xSL Filosofia 3$y81$m193 STEED 7.3$j64536$nBK-PRI$qDDC 21$B64536$CPULBib$Z2$F64536 $H81533 $82 900 $aStein, Edith, $csuora,$d1891-1942$98163 900 $aEdith Stein,$cs.,$d1891-1942 $98163 900 $aTeresa Benedetta della Croce.$cs.,$d1891-1942$98163 900 $aTeresia Benedicta a Cruce,$cs.,$d1891-1942?$98163 941 1 $a9 961 $aINV: 81533 996 $6020$a8831172964$9(OLS)http://pul/number/60886 996 $6245$aPsicologia e scienze dello spirito :$bcontributi per una fondazione filosofica$9(OLS)http://pul/title/65226 996 $6260$aRoma :$bCittà Nuova$9(OLS)http://pul/publisher/47927